Statistiken für Alle Länder mit deutsch als Amtssprache

Klicken Sie hier um das Quiz zu spielen!

Allgemein

  • Dieses Quiz wurde 466 mal gespielt
  • Das Durchschnittsergebnis liegt bei 6 aus 6

Antwortstatistiken

HintAntwort% Korrekt
90%Deutschland
100%
89%Österreich
99%
63%Schweiz
99%
2%Luxemburg
88%
0,7%Belgien
83%
95%Liechtenstein
83%

Verteilung der Resultate

Perzentil nach korrekt beantworteten Fragen

Anzahl Personen mit jedem Resultat

Ihre Resultats-Entwicklung

Sie haben dieses Quiz noch nicht gespielt